000 00736nam a2200265 i 4500
001 C2-0260147
003 PPAK
005 20180727230152.0
008 041007s2003 my |||| ||||| | eng d
020 _a9832652332
040 _aPPAK
_beng
_cPPAK
_erda
082 0 4 _a361
_223
090 0 0 _a361
_bTEO
_dG
100 1 _aTeoh, Hsien-Jin,
_eauthor
245 1 0 _aCaring communities, caring nations
264 1 _aPetaling Jaya, Selangor :
_bOak Enterprise ,
_c2003
300 _aviii, 71 pages ;
_c19 cm
336 _2rdacontent
_atext
337 _2rdamedia
_aunmediated
338 _2rdacarrier
_avolume
490 1 _aAdvice over a cup of tea
650 1 0 _aSocial services
830 0 _aAdvice over a cup of tea
942 _ddc
_cB
999 _c71269
_d71269